000 00614nam a2200217Ia 4500
005 20241129105801.0
008 241129s9999||||xx |||||||||||||| ||und||
020 _a978-81-217-0324-6
037 _aREF
040 _aARTS
_beng
_cARTS
041 _aeng
_2eng
084 _aZ(Q2) R2.1-.2(RR)
_qARTS
100 _aJha Ganganatha Au.
245 0 _aHindu law in its sources
_cJha Ganganatha Au.
260 _aDelhi, India
_bBharatiya Vidya Prakashan
_c2022
365 _aINR
_b5000
490 _vV2
650 _aLawReligion
_9726382
942 _cREF
_hZ(Q2) R2.1-.2(RR)
999 _c1225919
_d1225919